[Event "IECG CP.1999.Q.00003"]
[Site "IECG email"]
[Date "2000.10.01"]
[Round "?"]
[White "Martin, Antonio C"]
[Black "Lacoste, Alain"]
[Result "1/2-1/2"]
[WhiteElo "2108"]
[BlackElo "2097"]
[PlyCount "24"]
[EventDate "2000.10.01"]
[EventType "tourn (corr)"]
[EventRounds "8"]
[EventCountry "GER"]
[SourceTitle "Corr 2008"]
[Source "ChessBase"]
[SourceDate "2008.06.24"]
[SourceVersion "1"]
[SourceVersionDate "2008.06.24"]
[SourceQuality "1"]

1. d4 d5 2. Nf3 e6 3. Bg5 f6 4. Bh4 Nh6 5. e3 c5 6. c3 Qb6 7. Qb3 Qxb3 8. axb3 Nf5 9. Na3 Nxh4 10. Nxh4 a6 11. Nb5 Kf7 12. Nc7 Ra7 1/2-1/2

[Event "IECG CP.1998.S.00008"]
[Site "IECG email"]
[Date "2000.10.01"]
[Round "?"]
[White "Siefring, Carl L"]
[Black "Martin, Antonio C"]
[Result "1/2-1/2"]
[WhiteElo "2206"]
[BlackElo "2108"]
[PlyCount "44"]
[EventDate "2000.10.01"]
[EventType "tourn (corr)"]
[EventRounds "6"]
[EventCountry "GER"]
[SourceTitle "Corr 2008"]
[Source "ChessBase"]
[SourceDate "2008.06.24"]
[SourceVersion "1"]
[SourceVersionDate "2008.06.24"]
[SourceQuality "1"]

1. e4 c5 2. Nf3 d6 3. d4 cxd4 4. Nxd4 Nf6 5. Nc3 g6 6. Be3 Bg7 7. f3 0-0 8. Qd2 Nc6 9. 0-0-0 d5 10. exd5 Nxd5 11. Nxc6 bxc6 12. Bd4 Bxd4 13. Qxd4 Qb6 14. Na4 Qa5 15. b3 Be6 16. Bc4 Rfd8 17. Bxd5 Rxd5 18. Qe3 Rad8 19. h4 R8d6 20. Rxd5 cxd5 21. h5 d4 22. Qd2 Qxd2+ 1/2-1/2

[Event "IECG C1.1999.0.00175"]
[Site "IECG email"]
[Date "1999.12.15"]
[Round "?"]
[White "Tanti, Joseph G"]
[Black "Martin, Antonio C"]
[Result "1/2-1/2"]
[WhiteElo "2026"]
[BlackElo "2150"]
[PlyCount "83"]
[EventDate "1999.01.11"]
[EventType "tourn (corr)"]
[EventRounds "6"]
[SourceTitle "Corr 2008"]
[Source "ChessBase"]
[SourceDate "2008.06.24"]
[SourceVersion "1"]
[SourceVersionDate "2008.06.24"]
[SourceQuality "1"]

1. e4 c5 2. Nf3 d6 3. d4 cxd4 4. Nxd4 Nf6 5. Nc3 g6 6. Be3 Bg7 7. f3 0-0 8. Qd2 Nc6 9. 0-0-0 d5 10. exd5 Nxd5 11. Nxc6 bxc6 12. Bd4 e5 13. Bc5 Be6 14. Ne4 Rb8 15. Bc4 Re8 16. h4 a5 17. g4 h6 18. g5 h5 19. Bb3 Ra8 20. a4 Qc7 21. Bd6 Qb6 22. Bc5 Qc7 23. Rhg1 Red8 24. Qf2 Rab8 25. Rd2 Rd7 26. Rgd1 Bf5 27. Ba3 Ra8 28. Nc5 Rdd8 29. Bxd5 cxd5 30. Rxd5 Rxd5 31. Rxd5 Rc8 32. Qd2 Bf8 33. Kb1 Qb6 34. Rxe5 Rxc5 35. Qd4 Bxc2+ 36. Kc1 Bxa4+ 37. Bxc5 Qb3 38. Qd2 Bg7 39. Bd4 Bxe5 40. Bxe5 Kh7 41. Bc3 Qc4 42. Qd4 1/2-1/2